The decline and fall of the Roman Empire / (Record no. 553393)

000 -LEADER
fixed length control field 00651mam a2200169ua 4500
020 ## - INTERNATIONAL STANDARD BOOK NUMBER
International Standard Book Number 067943593X :
082 00 - DEWEY DECIMAL CLASSIFICATION NUMBER
Classification number 937.06
Author Mark GIB
100 1# - MAIN ENTRY--PERSONAL NAME
Personal name Gibbon, Edward,
245 14 - TITLE STATEMENT
Title The decline and fall of the Roman Empire /
Statement of responsibility, etc. Edward Gibbon ; with an introduction by Hugh Trevor-Roper.
260 ## - PUBLICATION, DISTRIBUTION, ETC.
Place of publication, distribution, etc. New York :
Name of publisher, distributor, etc. Alfred A. Knopf :
-- Distributed by Random House, Inc.,
Date of publication, distribution, etc. <1993-
300 ## - PHYSICAL DESCRIPTION
Extent v. ;
Dimensions 22 cm.
490 1# - SERIES STATEMENT
Series statement Everyman's library
505 1# - FORMATTED CONTENTS NOTE
Formatted contents note v. 1-3. (Without special title) -- v. 4. Chapters XXXVII-XLVI -- v. 5. Chapters XLVII-LVI -- v. 6. Chapters LVII-LXXI
526 ## - STUDY PROGRAM INFORMATION NOTE
Program name 0
Interest level 0
Reading level 0
Title point value 937_060000000000000_GIB
650 ## - SUBJECT ADDED ENTRY--TOPICAL TERM
Topical term or geographic name entry element MCE
9 (RLIN) 379
942 ## - ADDED ENTRY ELEMENTS (KOHA)
Source of classification or shelving scheme
Koha item type Book
Holdings
Withdrawn status Lost status Source of classification or shelving scheme Damaged status Not for loan Permanent Location Current Location Shelving location Date acquired Total Checkouts Full call number Barcode Date last seen Price effective from Koha item type
          Military College of Engineering (MCE) Military College of Engineering (MCE)   02/09/2015   937.06 GIB MCE-ECD/14 02/09/2015 02/09/2015 Book
© 2023 Central Library, National University of Sciences and Technology. All Rights Reserved.